[Event "4NCL Division 1b"]
[Site "Reading, ENG"]
[Date "2016.11.19"]
[Round "1.83"]
[White "Coathup, Roger H"]
[Black "Zakarian, David"]
[Result "0-1"]
[WhiteElo "2159"]
[BlackElo "2380"]
[PlyCount "112"]
[EventDate "2016.11.19"]
[WhiteTeam "North East England"]
[BlackTeam "Oxford 1"]

1. d4 Nf6 2. c4 e6 3. Nc3 Bb4 4. e3 O-O 5. Nge2 d5 6. a3 Bd6 7. Ng3 c5 8. dxc5
Bxc5 9. Be2 Nc6 10. O-O Bb6 11. b4 a5 12. bxa5 Nxa5 13. cxd5 exd5 14. Nb5 Be6
15. Bd2 Nc6 16. Bc3 Qe7 17. Qb1 Ba5 18. Rc1 Rfd8 19. Qb2 Bxc3 20. Qxc3 Ra4 21.
h3 g6 22. Qc5 Qd7 23. Rd1 h5 24. Qc3 Qe7 25. Nd4 h4 26. Nf1 Nxd4 27. Rxd4 Ne4
28. Qb2 Rda8 29. Rxa4 Rxa4 30. Bf3 Nd6 31. Nd2 b5 32. Rd1 Qd7 33. Nb1 Nc4 34.
Qc3 Qc6 35. Qf6 Nxa3 36. Nxa3 Rxa3 37. Bxd5 Bxd5 38. Qd8+ Kg7 39. Qxd5 Qxd5 40.
Rxd5 Ra1+ 41. Kh2 Rb1 42. g4 Kf6 43. Kg2 Ke6 44. Rd8 b4 45. Rb8 b3 46. Rb5 Kd6
47. Rb7 Kc6 48. Rb8 Kc5 49. g5 Kc4 50. Rb7 Rd1 51. Rc7+ Kd3 52. Rd7+ Ke2 53.
Rb7 Rd3 54. Rxf7 Kd2 55. Rf6 b2 56. Rb6 Kc2 0-1

[Event "4NCL Division 1b"]
[Site "Reading, ENG"]
[Date "2016.11.19"]
[Round "1.84"]
[White "Claridge-Hansen, William"]
[Black "Oates, David"]
[Result "1/2-1/2"]
[WhiteElo "2302"]
[BlackElo "2185"]
[PlyCount "87"]
[EventDate "2016.11.19"]
[WhiteTeam "Oxford 1"]
[BlackTeam "North East England"]

1. c4 Nc6 2. Nc3 e5 3. g3 Nf6 4. Bg2 Bc5 5. a3 a5 6. e3 O-O 7. Nge2 Re8 8. O-O
d6 9. d4 Ba7 10. h3 Ne7 11. b4 exd4 12. exd4 Nf5 13. Qd3 c6 14. b5 d5 15. cxd5
Nxd5 16. Nxd5 cxd5 17. Bf4 Nd6 18. Nc3 Bf5 19. Qd1 Ne4 20. Nxe4 Bxe4 21. Rc1
Qb6 22. Rc5 Qg6 23. Rc3 Bxg2 24. Kxg2 Qe4+ 25. Kg1 Bxd4 26. Rd3 Bc5 27. Rxd5
Bxa3 28. Rd7 Bf8 29. Qb3 Re7 30. Rfd1 a4 31. Qa2 Qe6 32. Qxe6 fxe6 33. Rd8 Re8
34. R8d7 e5 35. Be3 a3 36. Rxb7 Reb8 37. Rxb8 Rxb8 38. b6 Bb4 39. Ra1 Kf7 40.
Kg2 Ke6 41. Bc1 Rxb6 42. Bxa3 Ra6 43. Bb2 Rxa1 44. Bxa1 1/2-1/2

[Event "4NCL Division 1b"]
[Site "Reading, ENG"]
[Date "2016.11.19"]
[Round "1.85"]
[White "Dargan, Paul A G"]
[Black "Asenov, Pavel"]
[Result "0-1"]
[WhiteElo "2222"]
[BlackElo "2290"]
[PlyCount "74"]
[EventDate "2016.11.19"]
[WhiteTeam "North East England"]
[BlackTeam "Oxford 1"]

1. e4 c5 2. c3 Nf6 3. e5 Nd5 4. d4 e6 5. Nf3 d6 6. Bc4 cxd4 7. cxd4 Nc6 8. O-O
Be7 9. Qe2 O-O 10. Nc3 dxe5 11. dxe5 Nxc3 12. bxc3 Qa5 13. Bd2 Rd8 14. Rfe1 Bd7
15. Bb3 Rac8 16. Qe4 Qc7 17. Ng5 g6 18. Qh4 h5 19. Qf4 Rf8 20. Re3 Rcd8 21.
Rae1 Na5 22. Rg3 Nxb3 23. axb3 Be8 24. Bc1 Rd5 25. c4 Qa5 26. Rge3 Bxg5 27.
Qxg5 Rd4 28. h3 Bc6 29. Bb2 Rd7 30. Bc3 Qa2 31. Bb4 Re8 32. Bd6 Qd2 33. Qf6 b6
34. R1e2 Qd1+ 35. Kh2 Qd4 36. f4 Rxd6 37. exd6 Qxf6 0-1

[Event "4NCL Division 1b"]
[Site "Reading, ENG"]
[Date "2016.11.19"]
[Round "1.86"]
[White "Harvey, Marcus R"]
[Black "Waters, Clive L"]
[Result "1-0"]
[WhiteElo "2276"]
[BlackElo "2147"]
[PlyCount "75"]
[EventDate "2016.11.19"]
[WhiteTeam "Oxford 1"]
[BlackTeam "North East England"]

1. Nf3 Nf6 2. b3 d6 3. d4 g6 4. Bb2 Bg7 5. e3 O-O 6. Be2 b6 7. O-O Bb7 8. c4 e6
9. Nc3 c5 10. Qc2 cxd4 11. Nxd4 a6 12. Rfd1 Nbd7 13. Bf3 Bxf3 14. Nxf3 Qc7 15.
Rd2 Rfd8 16. Rad1 Nc5 17. Ba3 Ne8 18. Ne4 Qc6 19. Nxc5 bxc5 20. Ng5 Nf6 21. Bb2
h6 22. Bxf6 Bxf6 23. Nxe6 fxe6 24. Qxg6+ Bg7 25. Qxe6+ Kh8 26. Rxd6 Rxd6 27.
Rxd6 Qc7 28. Qd5 Rg8 29. Rxa6 Qc8 30. Rd6 Qg4 31. Rd8 Bf8 32. g3 Qg7 33. a4 Qe7
34. a5 Rg5 35. Qd3 Qf6 36. Rd7 Bg7 37. a6 Rf5 38. a7 1-0

[Event "4NCL Division 1b"]
[Site "Reading, ENG"]
[Date "2016.11.19"]
[Round "1.87"]
[White "Henderson, David"]
[Black "Rose, Matthew"]
[Result "1-0"]
[WhiteElo "2079"]
[BlackElo "2265"]
[PlyCount "65"]
[EventDate "2016.11.19"]
[WhiteTeam "North East England"]
[BlackTeam "Oxford 1"]

1. e4 c5 2. c3 d5 3. exd5 Nf6 4. Nf3 Nxd5 5. d4 e6 6. Be2 Nc6 7. O-O Be7 8. c4
Nf6 9. Be3 Ng4 10. d5 exd5 11. cxd5 Nb4 12. Nc3 O-O 13. a3 Nxe3 14. fxe3 Na6
15. e4 f6 16. Nb5 Bd6 17. Nxd6 Qxd6 18. Qc2 Bd7 19. Bxa6 bxa6 20. Rac1 Rac8 21.
Nd2 Qe7 22. Nc4 Rfe8 23. Rfe1 Bg4 24. Qa4 Qd7 25. Qxd7 Bxd7 26. Nd6 c4 27. Nxe8
Bxe8 28. Re3 Bg6 29. Kf2 f5 30. e5 f4 31. Rec3 Re8 32. e6 Be4 33. Rd1 1-0

[Event "4NCL Division 1b"]
[Site "Reading, ENG"]
[Date "2016.11.19"]
[Round "1.88"]
[White "Varney, Zoe"]
[Black "Roberts, Lynda"]
[Result "1-0"]
[WhiteElo "1996"]
[BlackElo "1930"]
[PlyCount "91"]
[EventDate "2016.11.19"]
[WhiteTeam "Oxford 1"]
[BlackTeam "North East England"]

1. e4 c5 2. c3 g6 3. d4 cxd4 4. cxd4 d5 5. e5 Nc6 6. Nc3 Bg7 7. h3 Nh6 8. Nf3
O-O 9. Bd3 Nf5 10. Bxf5 Bxf5 11. Be3 Nb4 12. O-O Nc2 13. g4 Nxe3 14. fxe3 Bc8
15. Qb3 h5 16. Nxd5 hxg4 17. hxg4 b6 18. Ng5 Qd7 19. e6 fxe6 20. Rxf8+ Bxf8 21.
Nf4 Qd6 22. Ngxe6 Bxe6 23. Qxe6+ Qxe6 24. Nxe6 Rc8 25. Rf1 Bg7 26. Kg2 Rc2+ 27.
Rf2 Rxf2+ 28. Kxf2 Bh8 29. Kf3 Kf7 30. Nd8+ Kf6 31. Nc6 a5 32. Ne5 b5 33. g5+
Kf5 34. Nc6 e6 35. Nd8 Kxg5 36. Nf7+ Kf6 37. Nxh8 g5 38. Kg4 e5 39. dxe5+ Kxe5
40. Nf7+ Ke4 41. Nd6+ Kxe3 42. Nxb5 Kd3 43. Na3 Kd2 44. Nc4+ Kc2 45. b3 a4 46.
bxa4 1-0